| 000 | 03149nam a2200301 a 4500 | ||
|---|---|---|---|
| 008 | 121101t1991 ag |||f |||| 001 0 spa d | ||
| 020 | _a9502513460 | ||
| 041 | _aspa | ||
| 092 |
_c344 _l4 _sARR |
||
| 100 | 1 |
_aArrue, Wille _93097 |
|
| 245 | 3 |
_aDe "La médica" y la terapéutica. _bLa gestión intercultural de la salud en el sur de la Provincia de Neuquén / _cWille Arrue |
|
| 250 | _a1a ed. | ||
| 260 |
_aNeuquén [ARG.]: _bBibliotecas Universitarias Centro Editor de América Latina; _c1991. |
||
| 300 | _a288 p. | ||
| 500 | _aArrúe, W. y Kalansky, B. (1991). De "la médica" y la terapéutica. La gestión intercultural de la salud en el sur de la Provincia de Neuquén. (1a ed.). Neuquén : Bibliotecas Universitarias Centro Editor de América Latina. | ||
| 505 | _aEn el sur de la provincia del Neuquén, región poblada hasta fines del siglo XIX por el pueblo mapuche, el ámbito de la salud es objeto de confrontación social entre la medicina oficial y la medicina popular -oponentes desiguales. Este libro surge del quehacer cotidiano de un equipo interdisciplinario que indagando esa confrontación procuró delimitar un espacio de gestión intercultural de la salud. Doctores y "médicas", agentes sanitarios y enfermeras, pobladores e instituciones sociales, demuestran a través de la práctica investigativa sobre la enfermedad y la salud que la tarea sanitaria es mucho más compleja que aliviar el dolor del órgano. Willie Arrúe y Beatriz Kalisnky, director y coordinadora de campo del proyecto de Investigación "Salud y Participación Social. Una propuesta de investigación sobre un estilo local de conocimiento", exponen ante el lector los resultados de la tarea realizada y nos develan que la medicina popular ha logrado inscribir significados dentro del sistema oficial, no solo respecto de la construcción de la experiencia del sufrimiento sino también de los procesos curativos. La práctica de la gestión conjunta de curadores populares y médicos mediante la presencia de articuladores interculturales en los equipos de salud -los agentes sanitarios en espacial- es un ejemplo rotundo de cambio en los estilos oficiales hasta ahora vigentes, hecho que marca un avance en el camino de la democratización de la salud. Y este libro es su testimonio. | ||
| 590 | _aDonación Gisela Lillo, Proyecto 4to libro | ||
| 653 | 3 | _aLa diversidad de las perspectivas formales de la salud mental | |
| 653 | 4 | _aLas prácticas locales del cuidado de la salud | |
| 653 | 3 | _aUn panorama comparativo de las prácticas de saud | |
| 653 | _aAlgunas notas de convergencia entre las prácticas oficial y popular de la salud. Experiencia persoanl con las "medicinas" | ||
| 653 | 4 | _aLos abordajes conjuntos: la cogestión intercultural de la salud en el marco de la Atención Primaria | |
| 653 | _aHacia un espacio local de cogestión en salud mental | ||
| 653 | 4 | _aLos lugares y la "gente de la tierra" | |
| 653 | _aAnexo 1: El plan de Salud en Neuquén. Anexo 2: Departamento de Catan-Lil. Anexo 3: Personas que participaron en la construcción de esta tarea | ||
| 700 | 1 |
_aKalansky, Beatriz _93098 |
|
| 942 |
_2ddc _cBK |
||
| 999 |
_c2294 _d2294 |
||